[Event "Mittelfranken-chTB1 1617"]
[Site "Mittelfranken"]
[Date "2016.11.27"]
[Round "3.7"]
[White "Puschak, Oliver"]
[Black "Hannweber, Markus"]
[Result "1/2-1/2"]
[WhiteElo "1929"]
[BlackElo "1850"]
[PlyCount "113"]
[EventDate "2016.10.23"]
[EventType "team-tourn"]
[EventRounds "9"]
[EventCountry "GER"]
[SourceTitle "EXT 2022"]
[Source "ChessBase"]
[SourceDate "2021.10.06"]
[SourceVersion "1"]
[SourceVersionDate "2021.10.06"]
[SourceQuality "1"]
[WhiteTeam "Lauf SV"]
[BlackTeam "Nuernberg SK 1911"]
[WhiteTeamCountry "GER"]
[BlackTeamCountry "GER"]

1. e4 e5 2. Nf3 Nc6 3. d4 exd4 4. Bc4 d6 5. Nxd4 Bd7 6. 0-0 Nf6 7. Nc3 Be7 8. Re1 0-0 9. Bf4 h6 10. Nd5 Nxd5 11. exd5 Nxd4 12. Qxd4 Bf6 13. Qd3 Bxb2 14. Rab1 Qf6 15. Qg3 Bd4 16. Bd3 Bb6 17. Bd2 Rae8 18. Red1 Kh8 19. Rb4 Qe5 20. Qf3 f5 21. Rbb1 Qf6 22. h3 Kh7 23. Kh2 g6 24. Kg1 Re7 25. Re1 Rfe8 26. Rxe7+ Rxe7 27. Qf4 Qg7 28. h4 Rf7 29. Re1 Bd4 30. Re2 Be5 31. Qb4 Bc8 32. Bc1 a6 33. Qd2 Bb2 34. Bxb2 Qxb2 35. Re8 Bd7 36. Rb8 Qa1+ 37. Kh2 Qe5+ 38. Kg1 Qxd5 39. Qc3 Rg7 40. Qf6 Bc6 41. f3 Qf7 42. Qd4 h5 43. Qf4 Qe6 44. Qg5 Qe7 45. Qg3 Qe5 46. Qg5 Qe7 47. Qg3 Qf6 48. Qf4 Re7 49. Rc8 Qa1+ 50. Kh2 Qe5 51. Kg3 Kg7 52. Bc4 Qxf4+ 53. Kxf4 d5 54. Bb3 Kf6 55. Rd8 Rd7 56. Rf8+ Kg7 57. Re8 1/2-1/2

[Event "Mittelfranken-chTB2a 1314"]
[Site "Mittelfranken"]
[Date "2014.02.16"]
[Round "6.3"]
[White "Schilay, Lorenz"]
[Black "Hannweber, Markus"]
[Result "0-1"]
[WhiteElo "1806"]
[BlackElo "1865"]
[PlyCount "134"]
[EventDate "2013.10.20"]
[EventType "team-tourn"]
[EventRounds "9"]
[EventCountry "GER"]
[SourceTitle "EXT 2020"]
[Source "ChessBase"]
[SourceDate "2019.10.17"]
[SourceVersion "1"]
[SourceVersionDate "2019.10.17"]
[SourceQuality "1"]
[WhiteTeam "Neumarkt II"]
[BlackTeam "Nuernberg SK 1911 II"]
[WhiteTeamCountry "GER"]
[BlackTeamCountry "GER"]

1. e4 e5 2. Nf3 Nc6 3. Nc3 Nf6 4. a3 d6 5. d4 exd4 6. Nxd4 Bd7 7. Be2 Be7 8. Be3 0-0 9. 0-0 a6 10. f3 h6 11. Bc4 Nxd4 12. Qxd4 Bc6 13. Rad1 Qd7 14. e5 dxe5 15. Qxe5 Bd6 16. Qd4 Rad8 17. Qd2 Qf5 18. Bd3 Qh5 19. Bf4 Rfe8 20. Rfe1 Bc5+ 21. Kh1 Bb6 22. Be3 Bxf3 23. gxf3 Qxf3+ 24. Qg2 Qxg2+ 25. Kxg2 Bxe3 26. Rxe3 Rxe3 27. Bh7+ Kxh7 28. Rxd8 Re7 29. Kf3 Kg6 30. Ne2 Kf5 31. Ng3+ Ke5 32. Rd2 g6 33. h3 b6 34. b3 h5 35. h4 Ke6 36. Rd1 Rd7 37. Re1+ Kd6 38. Re2 Re7 39. Rd2+ Ke6 40. Re2+ Kd7 41. Rd2+ Ke8 42. Rd1 Rd7 43. Re1+ Kf8 44. Re2 Rd4 45. Rh2 c5 46. Nf1 Ng4 47. Re2 Rd6 48. Nh2 Nxh2+ 49. Rxh2 f6 50. Rg2 Kf7 51. Ke3 Rd4 52. Rh2 Ke6 53. Kf3 Kf5 54. Kg3 Rg4+ 55. Kh3 g5 56. hxg5 fxg5 57. Rf2+ Rf4 58. Rd2 Ke5 59. Rd8 Rf3+ 60. Kg2 Rf6 61. Rd3 g4 62. Re3+ Kf4 63. Re1 Rd6 64. Re2 h4 65. Kh2 Kf3 66. Rg2 Re6 67. b4 Re2 0-1

[Event "Mittelfranken-chTB2a 1314"]
[Site "Mittelfranken"]
[Date "2014.01.12"]
[Round "4.2"]
[White "Hofer, Stefan1111"]
[Black "Hannweber, Markus"]
[Result "1/2-1/2"]
[WhiteElo "1870"]
[BlackElo "1865"]
[PlyCount "117"]
[EventDate "2013.10.20"]
[EventType "team-tourn"]
[EventRounds "9"]
[EventCountry "GER"]
[SourceTitle "EXT 2020"]
[Source "ChessBase"]
[SourceDate "2019.10.17"]
[SourceVersion "1"]
[SourceVersionDate "2019.10.17"]
[SourceQuality "1"]
[WhiteTeam "Cadolzburg"]
[BlackTeam "Nuernberg SK 1911 II"]
[WhiteTeamCountry "GER"]
[BlackTeamCountry "GER"]

1. d4 Nf6 2. c4 g6 3. Nc3 Bg7 4. Nf3 d6 5. Bg5 0-0 6. e3 Nbd7 7. Be2 c6 8. Qc2 Qc7 9. 0-0 h6 10. Bh4 e5 11. Rfd1 Re8 12. Rac1 Nf8 13. b4 g5 14. Bg3 Nh5 15. dxe5 Nxg3 16. exd6 Nxe2+ 17. Nxe2 Qd8 18. c5 Bd7 19. Nfd4 a6 20. Nc3 Qf6 21. Na4 Rad8 22. Nb6 Be6 23. a4 Nd7 24. Nxd7 Bxd7 25. Qb1 Qg6 26. Qb3 Bxd4 27. Rxd4 Re4 28. Rdd1 Qe6 29. Qc3 Qe5 30. Qd2 Be6 31. Re1 Qf6 32. f3 Rc4 33. Rxc4 Bxc4 34. e4 Be6 35. Kf2 Bd7 36. g3 Re8 37. Kg2 Qe5 38. Kf2 f6 39. Re2 Kg7 40. a5 Qe6 41. g4 Qe5 42. Kg2 Rh8 43. Qb2 Qxb2 44. Rxb2 Kf7 45. Kf2 Ke6 46. Ke3 Ke5 47. h3 h5 48. Rb3 hxg4 49. hxg4 Rh3 50. Kf2 Bxg4 51. Kg2 Ke6 52. Re3 Kd7 53. e5 Be6 54. exf6 Rh6 55. f7 Rf6 56. Re5 Rxf7 57. Rxg5 Bd5 58. Rg3 Ke6 59. Kf2 1/2-1/2

[Event "Mittelfranken-chTB1 1112"]
[Site "Germany"]
[Date "2011.12.11"]
[Round "4.8"]
[White "Hannweber, Markus"]
[Black "Kiefer, Johannes"]
[Result "0-1"]
[WhiteElo "1866"]
[BlackElo "1846"]
[PlyCount "70"]
[EventDate "2011.09.25"]
[EventType "team-tourn"]
[EventRounds "9"]
[EventCountry "GER"]
[SourceTitle "EXT 2013"]
[Source "ChessBase"]
[SourceDate "2012.11.22"]
[SourceVersion "1"]
[SourceVersionDate "2012.11.22"]
[SourceQuality "1"]
[WhiteTeam "Nuernberg SK 1911"]
[BlackTeam "Gunzenhausen"]
[WhiteTeamCountry "GER"]
[BlackTeamCountry "GER"]

1. e4 Nc6 2. Nf3 d5 3. exd5 Qxd5 4. Nc3 Qa5 5. h3 e5 6. d3 Nd4 7. Bd2 Nxf3+ 8. Qxf3 Qb6 9. Rb1 Nf6 10. Be2 Bd7 11. 0-0 0-0-0 12. Bg5 Qe6 13. Ne4 Nxe4 14. Bxd8 Nd2 15. Qe3 Nxb1 16. Qxa7 Kxd8 17. Qxb7 h5 18. Qa8+ Bc8 19. Rxb1 g5 20. Rd1 Bc5 21. c3 g4 22. h4 g3 23. d4 gxf2+ 24. Kxf2 exd4 25. cxd4 Bb6 26. Kf1 Rh6 27. Bf3 Rf6 28. Kg1 Qe3+ 29. Kh1 Rd6 30. Bb7 Qe6 31. d5 Qg4 32. Rd3 Qxh4+ 33. Rh3 Qe1+ 34. Kh2 Bg1+ 35. Kh1 Bf2+ 0-1

[Event "Mittelfranken-chTB1 1112"]
[Site "Germany"]
[Date "2011.09.25"]
[Round "1.7"]
[White "Braun, Michael1111"]
[Black "Hannweber, Markus"]
[Result "1-0"]
[WhiteElo "1859"]
[BlackElo "1866"]
[PlyCount "85"]
[EventDate "2011.09.25"]
[EventType "team-tourn"]
[EventRounds "9"]
[EventCountry "GER"]
[SourceTitle "EXT 2013"]
[Source "ChessBase"]
[SourceDate "2012.11.22"]
[SourceVersion "1"]
[SourceVersionDate "2012.11.22"]
[SourceQuality "1"]
[WhiteTeam "Buechenbach/Roth"]
[BlackTeam "Nuernberg SK 1911"]
[WhiteTeamCountry "GER"]
[BlackTeamCountry "GER"]

1. d4 Nf6 2. c4 g6 3. Nf3 Bg7 4. g3 0-0 5. Bg2 d5 6. 0-0 c6 7. Nc3 Bf5 8. Qb3 b6 9. Bg5 Be6 10. cxd5 cxd5 11. Rac1 Nc6 12. Bxf6 Bxf6 13. Qd1 Rc8 14. Qd2 Qd7 15. Rfd1 Rfd8 16. h4 Bh3 17. Nxd5 Qxd5 18. Bxh3 e6 19. Bg2 Qxa2 20. Qf4 Kg7 21. e3 Qxb2 22. Rb1 Qa3 23. g4 Qd6 24. Qe4 Nb4 25. g5 Be7 26. Ne5 Nd5 27. Qg4 Nc3 28. h5 Nxd1 29. Rxd1 Rc7 30. Be4 Rf8 31. Kg2 Qd8 32. f4 Bd6 33. Nf3 Qe8 34. Rh1 a5 35. Qh4 Rh8 36. Nh2 a4 37. Ng4 Be7 38. Nf6 Qd8 39. hxg6 Bxf6 40. Qh6+ Kg8 41. gxh7+ Rxh7 42. Bxh7+ Kh8 43. gxf6 1-0

[Event "Mittelfrankenliga-B2b 0708"]
[Site "Mittelfranken"]
[Date "2008.04.13"]
[Round "8.2"]
[White "Hannweber, Markus"]
[Black "Grimm, Pascal"]
[Result "1/2-1/2"]
[WhiteElo "1862"]
[BlackElo "1820"]
[PlyCount "82"]
[EventDate "2007.10.14"]
[EventType "team-tourn"]
[EventRounds "9"]
[EventCountry "GER"]
[SourceTitle "EXT 2011"]
[Source "ChessBase"]
[SourceDate "2010.11.26"]
[SourceVersion "1"]
[SourceVersionDate "2010.11.26"]
[SourceQuality "1"]
[WhiteTeam "Nuernberg SK 1911 II"]
[BlackTeam "Postbauer II"]
[WhiteTeamCountry "GER"]
[BlackTeamCountry "GER"]

1. e4 g6 2. d4 Bg7 3. Nf3 d6 4. c3 Nd7 5. Bd3 e5 6. 0-0 Ne7 7. Re1 0-0 8. Be3 c6 9. Qd2 Qc7 10. Bh6 exd4 11. Bxg7 Kxg7 12. cxd4 d5 13. Nc3 dxe4 14. Nxe4 Nd5 15. g3 N7f6 16. Bc4 Bf5 17. Nxf6 Nxf6 18. Ne5 Rad8 19. Rad1 Be4 20. Re3 Bd5 21. b3 Rfe8 22. Rde1 Qd6 23. Bxd5 Nxd5 24. Nc4 Qd7 25. Rxe8 Rxe8 26. Rxe8 Qxe8 27. Ne3 Qe4 28. Nc4 Qe7 29. Kf1 Nc7 30. Qe3 Nd5 31. Qd2 Qe4 32. Kg1 Qb1+ 33. Kg2 Qe4+ 34. f3 Qe7 35. Kf2 b6 36. Ne3 Qxe3+ 37. Qxe3 Nxe3 38. Kxe3 Kf6 39. h4 Ke6 40. g4 h6 41. f4 f5 1/2-1/2